000 01881nam a2200433Ia 4500
001 ebr10275521
003 CaPaEBR
006 m u
007 cr cn|||||||||
008 080401s2009 pau sb 001 0 eng d
010 _z 2008014174
020 _z9781592136643 (cloth : alk. paper)
020 _z1592136648 (cloth : alk. paper)
020 _z9781592136650 (pbk. : alk. paper)
020 _z1592136656 (pbk. : alk. paper)
040 _aCaPaEBR
_cCaPaEBR
035 _a(OCoLC)316066167
050 1 4 _aF869.D23
_bV47 2009eb
100 1 _aVergara, Benito Manalo,
_d1970-
245 1 0 _aPinoy capital
_h[electronic resource] :
_bthe Filipino nation in Daly City /
_cBenito M. Vergara, Jr.
260 _aPhiladelphia :
_bTemple University Press,
_c2009.
300 _a220 p.
490 1 _aAsian American history and culture
504 _aIncludes bibliographical references (p. 207-214) and index.
533 _aElectronic reproduction.
_bPalo Alto, Calif. :
_cebrary,
_d2011.
_nAvailable via World Wide Web.
_nAccess may be limited to ebrary affiliated libraries.
650 0 _aFilipino Americans
_zCalifornia
_zDaly City
_xSocial conditions.
650 0 _aFilipino Americans
_zCalifornia
_zDaly City
_xEthnic identity.
650 0 _aImmigrants
_zCalifornia
_zDaly City
_xSocial conditions.
650 0 _aCommunity life
_zCalifornia
_zDaly City.
650 0 _aTransnationalism.
651 0 _aDaly City (Calif.)
_xRelations
_zPhilippines.
651 0 _aPhilippines
_xRelations
_zCalifornia
_zDaly City.
651 0 _aDaly City (Calif.)
_xSocial conditions.
651 0 _aDaly City (Calif.)
_xEthnic relations.
655 7 _aElectronic books.
_2local
710 2 _aebrary, Inc.
830 0 _aAsian American history and culture.
856 4 0 _uhttp://site.ebrary.com/lib/rucke/Doc?id=10275521
_zAn electronic book accessible through the World Wide Web; click to view
999 _c5986
_d5986